Paroles : Faut que tu m'aimes - Styleto - Statistiques

Statistiques générales
  • Ce quiz a été pris 31 fois
  • Le résultat moyen est 434 sur 552
Statistiques - réponses
Réponse % Correct
à
100%
a
100%
ai
100%
aimes
100%
aimes,
100%
Faut
100%
j'
100%
J'
100%
m'
100%
qu'
100%
Qu'
100%
Que
100%
que
100%
t'
100%
tu
100%
me
94%
pas
94%
arrive
88%
c'
88%
l'
88%
ma
88%
y
88%
es
82%
est
82%
la
82%
ça
76%
Car
76%
d'
76%
même
76%
moi
76%
moi,
76%
moi-
76%
n'
76%
Quand
76%
quand
76%
tout
76%
De
71%
de
71%
en
71%
fais
71%
importe
71%
jolie
71%
71%
plus
71%
Plus
71%
quoi
71%
sinon
71%
Sinon
71%
toute
71%
trouve
71%
trouves
71%
voix
71%
comme
65%
je
65%
le
65%
perds
65%
pied
65%
seule,
65%
aller
59%
appelle
59%
comment
59%
Comment
59%
et
59%
ni
59%
pour
59%
sais
59%
une
59%
crois
53%
des
53%
Dis-
53%
dis :
53%
dis
53%
fort
53%
mes
53%
poèmes
53%
qui
53%
être
47%
impression
47%
les
47%
Les
47%
on
47%
peur
47%
problème
47%
qu'tu
47%
toujours
47%
aura
41%
bien
41%
"C'est
41%
(c'est
41%
cœur
41%
m'aimes
41%
merde
41%
Pourquoi
41%
sens
41%
sois
41%
sympa,
41%
ta
41%
toi
41%
Toi
41%
tranquille
41%
va
41%
aides
35%
aussi
35%
besoin
35%
blême
35%
dans
35%
faire
35%
inconnue
35%
jettes
35%
Lune
35%
main
35%
mienne
35%
pleine
35%
prochaine
35%
sublime
35%
suis
35%
valide
35%
venue
35%
anime
29%
avis
29%
bon
29%
coup
29%
démons ?
29%
gardes
29%
habille
29%
maison
29%
mauvais
29%
plaire
29%
rater
29%
s'abîment
29%
super"
29%
super)
29%
attends
24%
autorisation
24%
cherche
24%
cœurs
24%
confiance
24%
entends
24%
hiberne
24%
nul
24%
pouces
24%
remarque
24%
bas
18%
Aucun quiz correspondant
Distribution des résultats
% des personnes avec chaque résultat
Percentile par nombre de réponses
Votre historique - résultats
Vous n’avez pas pris ce quiz